| 000 | 00511nam a22001577a 4500 | ||
|---|---|---|---|
| 003 | macl | ||
| 005 | 20191207132537.0 | ||
| 008 | 191207b xxu||||| |||| 00| 0 eng d | ||
| 040 | _cmacl | ||
| 082 | _a891.431/TIW/P | ||
| 100 |
_aतिवारी, राधेश्याम _956366 |
||
| 245 | _aकनस्तर में गंगा | ||
| 260 |
_aदिल्ली _bसंजना प्रकाशन _c2017 |
||
| 650 |
_aकविता संग्रह _977489 |
||
| 942 |
_2ddc _cHIN |
||
| 999 |
_c61540 _d61540 |
||